000 00604nam a2200229Ia 4500
003 OSt
005 20220923230454.0
006 a|||||r|||| 00| 0
007 ta
008 Pun
024 _a282,302
037 _cTextual
040 _aARTS
_cARTS
_bPun
041 _2Pun
_aPun
082 _aO153,3N20,DA, M2
100 _aਸਹਿਰਾਈ, ਹਰਨਾਮ ਦਾਸ
245 0 _aਡਾਚੀ
260 _c1982
650 _aਪੰਜਾਬੀ ਸਾਹਿਤ
942 _hO153,3N20,DA, M2
_cTEXL
_2CC
999 _c385069
_d385069